Sein und zeit / (Record no. 78869)
[ view plain ]
| 000 -LEADER | |
|---|---|
| campo de control de longitud fija | 00486nam a2200169 i 4500 |
| 001 - NÚMERO DE CONTROL | |
| campo de control | 78869 |
| 003 - IDENTIFICADOR DE NÚMERO DE CONTROL | |
| campo de control | ES-MaACL |
| 005 - FECHA Y HORA DE LA ÚLTIMA TRANSACCIÓN | |
| campo de control | 20230906173835.0 |
| 007 - CAMPO FIJO DE DESCRIPCIÓN FÍSICA--INFORMACIÓN GENERAL | |
| campo de control de longitud fija | t| |
| 008 - DATOS DE LONGITUD FIJA--INFORMACIÓN GENERAL | |
| campo de control de longitud fija | 041018s1949 gw ||||1| ger d |
| 100 1# - ENTRADA PRINCIPAL--NOMBRE DE PERSONA | |
| Nombre de persona | Heidegger, Martin. |
| 9 (RLIN) | 62337 |
| 245 10 - MENCIÓN DEL TÍTULO | |
| Título | Sein und zeit / |
| Mención de responsabilidad, etc. | von Martin Heidegger. |
| 250 ## - MENCION DE EDICION | |
| Mención de edición | 6. unverèanderte aufl. |
| 260 ## - PUBLICACIÓN, DISTRIBUCIÓN, ETC. | |
| Lugar de publicación, distribución, etc. | Tübingen : |
| Nombre del editor, distribuidor, etc. | Neomarius Verlag, |
| Fecha de publicación, distribución, etc. | 1949 ( |
| Lugar de fabricación/manufactura | Halle : |
| Fabricante | Max Niemeyer) |
| 300 ## - DESCRIPCIÓN FÍSICA | |
| Extensión | 1 v. ; |
| Dimensiones | 24 cm. |
| 852 ## - LOCALIZACIÓN | |
| Ubicación | ES-MaACL |
| Número de control de estantería | D-7259 |
| Sublocalización o colección | R.29855 |
| Estatus retirado | Estado de pérdida | Estado de daño | No para préstamo | Biblioteca de origen | Biblioteca actual | Ubicación en estantería | Fecha de adquisición | Fuente de adquisición | Total de préstamos | Signatura topográfica completa | Código de barras | Visto por última vez | Precio de reemplazo | Tipo de ítem Koha |
|---|---|---|---|---|---|---|---|---|---|---|---|---|---|---|
| Biblioteca del Ateneo de Madrid | Biblioteca del Ateneo de Madrid | Sala Valle Inclán | 17/01/2008 | D-7259 | 901082482 | 23/02/2023 | 23/02/2023 | Libro impreso |
